|
|
|
|
| LEADER |
00000nam0a2200000 4500 |
| 001 |
261841 |
| 005 |
20231101233611.0 |
| 010 |
|
|
|a 5440003460
|
| 035 |
|
|
|a (RuTPU)RU\TPU\book\284822
|
| 090 |
|
|
|a 261841
|
| 100 |
|
|
|a 20140527d1988 k y0rusy50 ca
|
| 101 |
0 |
|
|a rus
|
| 102 |
|
|
|a EE
|
| 105 |
|
|
|a a z 001zy
|
| 200 |
1 |
|
|a Повышение конкурентоспособности радиоэлектронной аппаратуры: опыт, результаты, проблемы
|e сборник статей
|f Таллинское производственное объединение радиоэлектронной техники ; под ред. Л. И. Волгина
|
| 210 |
|
|
|a Таллин
|c Валгус
|d 1988
|
| 215 |
|
|
|a 262 с.
|c ил.
|
| 320 |
|
|
|a Библиогр. в конце статей
|
| 606 |
1 |
|
|a Радиоэлектронная аппаратура
|2 stltpush
|3 (RuTPU)RU\TPU\subj\23366
|9 47977
|
| 610 |
1 |
|
|a радиоэлектроника
|
| 610 |
1 |
|
|a конкурентоспособность
|
| 610 |
1 |
|
|a проектирование
|
| 610 |
1 |
|
|a функциональные узлы
|
| 610 |
1 |
|
|a моделирование
|
| 610 |
1 |
|
|a электронные схемы
|
| 610 |
1 |
|
|a цифровые вольтметры
|
| 610 |
1 |
|
|a ЭВМ
|
| 610 |
1 |
|
|a гибридно-реляторная схемотехника
|
| 610 |
1 |
|
|a реляторы
|
| 610 |
1 |
|
|a широкополосные преобразователи
|
| 610 |
1 |
|
|a транзисторы
|
| 610 |
1 |
|
|a микровольтметры
|
| 610 |
1 |
|
|a логические элементы
|
| 610 |
1 |
|
|a предикативная алгебра
|
| 675 |
|
|
|a 621.396.004
|v 3
|
| 702 |
|
1 |
|a Волгин
|b Л. И.
|4 340
|
| 712 |
0 |
2 |
|a Таллинское производственное объединение радиоэлектронной техники
|2 stltpush
|3 (RuTPU)RU\TPU\col\17536
|9 26684
|
| 801 |
|
1 |
|a RU
|b 63413507
|c 20140527
|
| 801 |
|
2 |
|a RU
|b 63413507
|c 20160614
|g RCR
|
| 942 |
|
|
|c BK
|